000 01190cam a2200301 a 4500
001 17350393
003 OSt
005 20200515090749.0
008 120618s2011 ii b 001 0 eng
010 _a 2012335706
020 _a9789380081106
025 _aI-E-2012-335706; 65-13; 65-03
037 _bLibrary of Congress -- New Delhi Overseas Office
040 _aDLC
_coclc
_dDLC
042 _alcode
_apcc
043 _aa-ii---
050 0 0 _aDS484.2
_b.N35 2011
082 _a915.48
_bNAI/A
100 _aNainar, Syed Muhammad Husayn
_92309
245 1 0 _aArab geographers' knowledge of Southern India :
_bthe knowledge of India possessed by Arab geographers down to the 14th century A.D. with special reference to Southern India /
_cSyed Muhammad Husayn Nainar.
260 _aCalicut :
_bOther Books,
_c2011.
300 _a183 p. ;
_c24 cm.
504 _aIncludes bibliographical references (p. 169-170) and index.
650 0 _aHistory & geography
_vIslamic History
_92271
906 _a7
_bcbc
_corigode
_d3
_encip
_f20
_gy-gencatlg
942 _2ddc
_cBK
_h915.48
_iNAI/A
_k915.48
_mNAI/A
999 _c23111
_d23111